Taylor Swift - Devine la chanson sans indices #35 - Statistiques

Statistiques générales
  • Ce quiz a été pris 334 fois
  • Le résultat moyen est 260 sur 348
Statistiques - réponses
Réponse % Correct
I
100%
a
99%
"You
99%
you
99%
the
97%
oh
96%
oh,
96%
Oh
96%
Whoa
96%
whoa
96%
love
94%
and
91%
And
91%
He
91%
he
91%
so
91%
So
91%
your
91%
in
90%
that
90%
to
89%
my
86%
is
85%
me
85%
it's
82%
It's
82%
I'm
81%
are
79%
But
79%
loved
79%
hear,
78%
when
78%
all
77%
way
77%
could
75%
like
75%
were
74%
for
73%
of
73%
that's
73%
says
72%
says,
72%
You're
69%
feel
67%
look
67%
never
67%
Never
67%
friends
66%
rain
66%
with
65%
his
64%
miss
64%
name
64%
screaming
64%
up
64%
beautiful
63%
get
63%
act
62%
cursing
62%
kissing
62%
2 a.m.
61%
at
61%
He's
61%
insane
61%
jealous
61%
see
61%
can't
59%
fighting
59%
not
59%
tonight"
59%
'Cause
58%
fine
58%
sensible
58%
will
58%
car
57%
knew
57%
need
57%
single
57%
better
56%
couldn't
55%
everything
55%
into
55%
much
55%
perfectly
55%
Just
54%
anything
53%
door
53%
incredible
53%
kind
53%
by
52%
father
52%
down
51%
mother
51%
ask
50%
Talks
49%
opens
48%
roller
48%
calls
47%
Breaking
46%
breaking
46%
exactly
46%
smile
46%
coaster
45%
makes
45%
business
44%
rush
44%
charming
42%
respects
42%
wait
42%
space
41%
close
40%
comfortable
40%
faking
40%
Got
40%
coming
39%
heart's
39%
now
39%
acted
38%
feeling
38%
some
36%
undone
35%
crazy
34%
wild
30%
endearing
26%
complicated
25%
away
24%
frustrating,
23%
mistake
22%
intoxicating,
21%
Aucun quiz correspondant
Distribution des résultats
% des personnes avec chaque résultat
Percentile par nombre de réponses
Votre historique - résultats
Vous n’avez pas pris ce quiz